Normal view
MARC view
- Brooks, Walter Henry
Entry Personal Name
001 - CONTROL NUMBER
- control field: 40718
003 - CONTROL NUMBER IDENTIFIER
- control field: NUST
005 - DATE AND TIME OF LATEST TRANSACTION
- control field: 20210314131848.0
008 - FIXED-LENGTH DATA ELEMENTS
- fixed length control field: 210314|| aca||aabn | a|a d
040 ## - CATALOGING SOURCE
- Original cataloging agency: NUST
- Transcribing agency: NUST
100 ## - HEADING--PERSONAL NAME
- Personal name: Brooks, Walter Henry
670 ## - SOURCE DATA FOUND
- Source citation: Work cat.: (NUST): Brooks, Walter Henry., Strength and elasticity of materials and theory of structures., [1950-56]
